000 00396nam a2200121Ia 4500
003 IN-BaIIA
008 211028s9999 xx 000 0 eng d
040 _cIIA Library
100 _aHermann Schlagintweit
_937448
245 0 _aReport on the proceedings of the officers engaged in the magnetic survey of India
_cSchlagintweit, Hermann
260 _aMadras
_bPublished by Authority
_c1855
942 _cBK
999 _c19605
_d19605